The crescent moon / (Record no. 203831)

MARC details
000 -LEADER
fixed length control field 00739nam a22002057a 4500
005 - DATE AND TIME OF LATEST TRANSACTION
control field 20240701111551.0
010 ## - LCCN (DPL NO)
LC control number B-760003
020 ## - INTERNATIONAL STANDARD BOOK NUMBER
International Standard Book Number 9789387164154
Terms of availability 250.00
035 ## - SYSTEM CONTROL NUMBER
System control number B-760003
037 ## - SOURCE OF ACQUISITION
Source of stock number/acquisition Gift/25.06.2024
082 ## - DEWEY DECIMAL CLASSIFICATION NUMBER
Classification number 891.44
100 ## - MAIN ENTRY--PERSONAL NAME
Personal name Tagore, Rabindranath
245 ## - TITLE STATEMENT
Title The crescent moon /
Statement of responsibility, etc by Rabindranath Tagore ; translated into English by the author ; Introduction by Ruskin bond
260 ## - PUBLICATION, DISTRIBUTION, ETC. (IMPRINT)
Place of publication, distribution, etc New Delhi
Name of publisher, distributor, etc Speaking Tiger publishing pvt. Ltd
Date of publication, distribution, etc 2017
270 ## - ADDRESS
Address 4381/4 Ansari Road ,Daryaganj
City New Delhi
Postal code 110002
300 ## - PHYSICAL DESCRIPTION
Extent 153p.
Dimensions 18cm(pbk)
700 ## - ADDED ENTRY--PERSONAL NAME
Personal name Bond, Ruskin
9 (RLIN) 67932
942 ## - ADDED ENTRY ELEMENTS (KOHA)
Source of classification or shelving scheme Dewey Decimal Classification
Item type Children Books
Classification part 891.44
Call number suffix TAG
Holdings
Withdrawn status Lost status Not for loan Collection code Home library Current library Date acquired Source of acquisition Cost, normal purchase price Full call number Barcode Copy number Cost, replacement price Koha item type Public note
      Non-fiction Ashok Vihar Ashok Vihar 01/07/2024 Gift/25.06.2024 250.00 891.44 TAG B-760003 1 250.00 Children Books Gift

© Delhi Public Library
Hit Counter
free hit counter